000 00580nam a2200193Ia 4500
003 LK-CoDNM
008 010623t2004 xxu||||| |||| 00| 1 sin d
040 _aLK-CoDNM
_dLK-CoDNM
_eLK-CoDNM
041 _asin
080 _a297.18SAM
100 _aMoulavi,Kaleel
245 _aපරිශුද්ධ වූ අල් - කුර්ආන් අර්ථය සිංහල භාෂාවෙන්
246 _aParisudda U Al - Kuran Artaya Sinhala Bhasawen
260 _b
_c2004
300 _b208p, 21 cm
650 _aIslamic
700 _aIsmail, Nazeem
942 _cBK
999 _c123851
_d123851